000 00679nam a2200217Ia 4500
001 50328
008 140502s9999 xx 000 0 und d
020 _aNA
040 _cPK-LaUMT
082 _aMRB 155.283
_bCAT-H
100 _aCattell, R. B.
245 _aHandbook for the sixteen personality factor questionnaire
_cCattell, R. B.<>Saunders, D. R.<>Stice, G.
260 _aChampaign,USA:
_bThe Institute for Personality and Ability Testing,
_cNA
300 _a57 p.
_e16 P.F. test forms A, B, And C]
500 _a16 P.F. test forms A, B, And C
546 _aEN
650 _aPersonality inventories
700 _aSaunders, D. R.
700 _aStice, G.
942 _cBK
999 _c47989
_d47989